| 000 | 00577nam a2200205 a 4500 | ||
|---|---|---|---|
| 008 | |||
| 020 | _a0393953963 (pbk.) | ||
| 049 | _aMAIN | ||
| 090 | _aQA276.A2 | ||
| 100 | 1 | _aMansfield, Edwin | |
| 245 | 1 | 0 |
_aBasic statistics : _bproblems, exercises, and case studies / _cEdwin Mansfield. |
| 260 |
_aNew York : _bW.W.Norton, _c1986 |
||
| 300 |
_a207 p. ; _c26 cm. |
||
| 650 | 1 | _aStatistics. | |
| 907 |
_a.b1009071x _b14-10-03 _c14-10-03 |
||
| 003 | |||
| 005 | 20260211152121.0 | ||
| 040 | _cNUST | ||
| 942 |
_cBOOKS _kQA276.A2 _02 |
||
| 999 |
_c148725 _d148725 |
||